Movies Quiz

Random Movies or Clickable Quiz

Movie Cast Match (2004) Quiz Stats

 Plays Quiz Updated May 16, 2016

Challenge
Share
Tweet
Embed
Score 0/40 Timer 08:00
1 Play Today
% Correct
Harry Potter and the Prisoner of Azkaban
95.5%
Shrek 2
94.3%
Ocean's Twelve
93.9%
Spider-Man 2
93.9%
50 First Dates
93%
Mean Girls
92%
Anchorman: The Legend of Ron Burgundy
91.9%
Million Dollar Baby
90.6%
Kill Bill: Vol. 2
90.4%
The Bourne Supremacy
90.1%
National Treasure
88.7%
Dodgeball: A True Underdog Story
88.5%
Catwoman
87.8%
The Notebook
87.7%
Shark Tale
85.9%
The Aviator
84.5%
The Polar Express
84%
13 Going on 30
81.8%
Troy
81.3%
Ray
81.1%
% Correct
Eternal Sunshine of the Spotless Mind
80.7%
I, Robot
79.9%
Finding Neverland
79.7%
Harold & Kumar Go to White Castle
79.1%
Hotel Rwanda
79%
The Butterfly Effect
78.4%
The Terminal
78.1%
The Incredibles
77.1%
The Day After Tomorrow
75.1%
Shaun of the Dead
74.3%
Napoleon Dynamite
73.9%
Man on Fire
73.3%
Garden State
72.7%
The Passion of the Christ
72.3%
Resident Evil: Apocalypse
72.3%
Team America: World Police
72.2%
Collateral
71.2%
The Life Aquatic with Steve Zissou
69.3%
Hellboy
67%
Sideways
66.2%

You're not logged in!

Compare scores with friends on all Sporcle quizzes.
Join for Free
OR
Log In

You Might Also Like...

Show Comments

Extras

Top Quizzes Today


Score Distribution

Your Account Isn't Verified!

In order to create a playlist on Sporcle, you need to verify the email address you used during registration. Go to your Sporcle Settings to finish the process.

Report this User

Report this user for behavior that violates our Community Guidelines.

Details: